Borders A -land Country Quiz Stats

 Plays Quiz Updated Jul 2, 2018

Score 0/22 Timer 01:30
13 Plays Today
% Correct
Yep, no borders!
100%
Yep, no borders!
99.8%
Germany
94.6%
Germany
94.6%
Sweden
94.6%
Russia
91.7%
Russia
91.7%
Norway
91.2%
United Kingdom
90.5%
Austria
82.5%
France
82.2%
% Correct
Italy
78.3%
Laos
70.8%
Czechia
69.5%
Cambodia
66.4%
Slovakia
60.4%
Lithuania
60.2%
Myanmar
59.3%
Belarus
58.3%
Ukraine
57.3%
Liechtenstein
56.1%
Malaysia
47.5%

You're not logged in!

Compare scores with friends on all Sporcle quizzes.
OR
Log In

Show Comments

Extras

Top Quizzes Today


Score Distribution

Your Account Isn't Verified!

In order to create a playlist on Sporcle, you need to verify the email address you used during registration. Go to your Sporcle Settings to finish the process.

Report this User

Report this user for behavior that violates our Community Guidelines.

Details: